Estadísticas para Capitales mundiales más cercanas a Ámsterdam - sprint de un minuto

Haz click aquí para intentar la prueba.

Estadísticas generales

  • Esta prueba ha sido intentada 12 veces
  • La puntuación promedio es 14 de 20

Estadísticas de respuestas

kmcapital% Correcto
578Berlín
100%
173Bruselas
100%
319Luxemburgo
100%
430París
100%
914Oslo
92%
622Copenhague
83%
1125Estocolmo
83%
358Londres
83%
713Praga
83%
1098Varsovia
83%
756Dublin
75%
936Viena
75%
631Berna
58%
670Vaduz
58%
979Mónaco
50%
1126Andorra la Vieja
42%
987Bratislava
33%
1091San Marino
33%
989Liubliana
17%
1086Zagreb
0%

Distribución de puntuación

Porcentaje por número respondido

Porcentaje de gente con cada puntuación

Historial de tus puntuaciones

No has intentado esta prueba.